Missing Word: Prison Films (A-Z) Quiz Stats

Quiz Updated Jan 24, 2015

Challenge
Share
Tweet
Score 0/25 Timer 03:00
0 Plays Today
Title Title Word % Correct
____ Hand LukeCool
96.9%
The Green ____Mile
96.8%
The Shawshank ____Redemption
96.6%
Escape from ____Alcatraz
94.7%
Dead Man ____ Walking
92.1%
My Cousin ____Vinny
89.6%
In the ____ of the FatherName
89.1%
The Longest ____Yard
84.4%
American History ____X
75.1%
____ RockJailhouse
73.8%
____ of the Spider WomanKiss
72%
____ CrazyStir
69.9%
____ of AlcatrazBirdman
67.6%
Title Title Word % Correct
____ States of LelandUnited
66.9%
Runaway ____Train
58.1%
____ WarrantDeath
53.8%
Men of San ____Quentin
51.1%
An ____ ManInnocent
47.9%
Midnight ____Express
46.9%
The Life of Emile ____Zola
44.5%
The Life of David ____Gale
38.7%
I am a ____ from a Chain GangFugitive
33.1%
The ____ CastleLast
30.5%
Caged ____Heat
25.3%
Brokedown ____Palace
24.4%

Today's Daily Dose

You're not logged in!

Compare scores with friends on all Sporcle quizzes.
Join for Free
OR
Log In

You Might Also Like...

Show Comments

Extras

Top Quizzes Today


Score Distribution

Your Account Isn't Verified!

In order to create a playlist on Sporcle, you need to verify the email address you used during registration. Go to your Sporcle Settings to finish the process.

Report this User

Report this user for behavior that violates our Community Guidelines.

Details: